000 00761nam a2200241Ia 4500
003 OSt
005 20220926001026.0
006 a|||||r|||| 00| 0
007 ta
008 220923b |||||||| |||| 00| 0 eng d
020 _a817554368x
_c165.75
037 _b626, 10/10/2012, Ansh Book International
_cGeneral Book
040 _aRTL
_cRTL
_beng
041 _2eng
_aeng
082 _aX:(S:4), P7
100 _aADAIR John
_918729
245 0 _aArt of creative thinking
_b How to be innovative and develop great ideas
260 _a New Delhi
_bKogan Press
_c2007
300 _ax, 133p
_ccm.
650 _aCommerce
942 _hX:(S:4), P7
_cGB
_2CC
999 _c600243
_d600243